| 000 | 00000nam 2200000za 4500 |
| 001 | 9.816742 |
| 003 | CaOODSP |
| 005 | 20221107142321 |
| 007 | cr ||||||||||| |
| 008 | 160503s2016 quc o| f000 0 eng d |
| 040 | |aCaOODSP|beng |
| 043 | |an-cn--- |
| 086 | 1 |aIP54-81/2016E-PDF |
| 245 | 00|aWhat are you doing to protect your privacy? |h[electronic resource] : |b10 tips for protecting personal information. |
| 260 | |aGatineau, Québec : |bOffice of the Privacy Commissioner of Canada, |c[2016]. |
| 300 | |a2 p. |
| 500 | |aIssued also in French under title: Quelles mesures prenez-vous pour protéger votre vie privée : dix conseils à suivre pour protéger vos renseignements personnels. |
| 504 | |aIncludes hyperlink references. |
| 692 | 07|2gccst|aComputers |
| 692 | 07|2gccst|aSecurity |
| 692 | 07|2gccst|aPrivacy |
| 710 | 2 |aOffice of the Privacy Commissioner of Canada. |
| 775 | 08|tQuelles mesures prenez-vous pour protéger votre vie privée? |w(CaOODSP)9.816743 |
| 856 | 40|qPDF|s147 KB|uhttps://publications.gc.ca/collections/collection_2016/cpvp-opc/IP54-81-2016-eng.pdf |